[Event "Stuttgarter Stadtmeisterschaft A-Turnie"]
[Site "Ditzingen"]
[Date "2009.05.23"]
[Round "6.40"]
[White "Baumstark, Thomas"]
[Black "Löwe, Joachim"]
[Result "1/2-1/2"]
[WhiteElo "2163"]
[BlackElo "1930"]
[PlyCount "47"]
[EventDate "2009.??.??"]
[WhiteTeam "Schachclub Feuerbach e. V."]
[BlackTeam "SK Schmiden/Cannstatt"]

1. Nf3 Nf6 2. c4 c5 3. g3 Nc6 4. Bg2 e5 5. Nc3 d6 6. d3 Be7 7. O-O O-O 8. a3
Rb8 9. Rb1 Qd7 10. b4 b6 11. Bg5 Bb7 12. e3 Ne8 13. Bxe7 Nxe7 14. bxc5 bxc5 15.
Qc2 f5 16. Rb3 f4 17. Nd5 Nxd5 18. cxd5 fxe3 19. fxe3 Nf6 20. Ng5 Nxd5 21.
Rxf8+ Rxf8 22. Rxb7 Qxb7 23. h4 Nxe3 24. Qc4+ 1/2-1/2

[Event "Stuttgarter Stadtmeisterschaft A-Turnie"]
[Site "Ditzingen"]
[Date "2009.05.23"]
[Round "6.42"]
[White "Fink, Leander"]
[Black "Yin, Zixiao"]
[Result "1-0"]
[WhiteElo "2116"]
[BlackElo "1932"]
[PlyCount "59"]
[EventDate "2009.??.??"]
[WhiteTeam "SV Kinzigtal Erlensee / Langense"]
[BlackTeam "SC Noris Tarrasch Nürnberg"]

1. a3 g6 2. d4 c6 3. e4 Na6 4. Nc3 Nc7 5. Be3 d6 6. Qd2 Bg7 7. Be2 Nf6 8. Bh6
Bxh6 9. Qxh6 Ne6 10. O-O-O Qa5 11. Qd2 Qg5 12. g3 Qxd2+ 13. Rxd2 Bd7 14. f4 c5
15. d5 Nd4 16. e5 Nxe2+ 17. Ngxe2 dxe5 18. fxe5 Ng4 19. e6 fxe6 20. dxe6 Bxe6
21. Nf4 Kf7 22. Nxe6 Kxe6 23. Re1+ Kf7 24. Rd7 Rhe8 25. Rxb7 Nxh2 26. Rh1 Ng4
27. Rxh7+ Ke6 28. Nb5 Kf5 29. Nc7 Rh8 30. Rf7+ 1-0

[Event "Stuttgarter Stadtmeisterschaft A-Turnie"]
[Site "Ditzingen"]
[Date "2009.05.23"]
[Round "6.43"]
[White "König, Dirk"]
[Black "Schlachetzki, Horst"]
[Result "1-0"]
[WhiteElo "2108"]
[BlackElo "1927"]
[PlyCount "61"]
[EventDate "2009.??.??"]
[WhiteTeam "SC Grunbach"]
[BlackTeam "SC Leinfelden"]

1. f4 c5 2. Nf3 d5 3. b3 Nf6 4. Bb2 Nc6 5. e3 a6 6. Be2 b5 7. a4 b4 8. O-O e6
9. d3 Be7 10. Ne5 Bb7 11. Nd2 O-O 12. Qe1 Nd7 13. e4 f6 14. Nxc6 Bxc6 15. Bg4
dxe4 16. Bxe6+ Kh8 17. dxe4 a5 18. Rd1 Qc7 19. Qh4 Nb6 20. Bf5 h6 21. Nf3 c4
22. Bd4 c3 23. Ng5 Qb7 24. Ne6 Rg8 25. Qg4 Be8 26. Rd3 Bf7 27. Rg3 Qc6 28. Kh1
Rab8 29. Rd1 Na8 30. e5 Nc7 31. Nxg7 1-0

[Event "Stuttgarter Stadtmeisterschaft A-Turnie"]
[Site "Ditzingen"]
[Date "2009.05.23"]
[Round "6.44"]
[White "Zeh, Rolf"]
[Black "Feller, Florian"]
[Result "0-1"]
[WhiteElo "2048"]
[BlackElo "1836"]
[PlyCount "142"]
[EventDate "2009.??.??"]
[WhiteTeam "SV 23 Böckingen"]
[BlackTeam "SGem Vaihingen-Rohr"]

1. d4 Nf6 2. Nf3 e6 3. Bf4 b6 4. e3 Bb7 5. Bd3 d5 6. Nbd2 Bd6 7. Bg3 Bxg3 8.
hxg3 Nbd7 9. Ne5 c5 10. c3 h6 11. f4 Nxe5 12. fxe5 Nd7 13. Qg4 Kf8 14. O-O-O
Qe7 15. Rdf1 f5 16. Qg6 Qe8 17. Bxf5 exf5 18. Rxf5+ Kg8 19. Qd6 Kh7 20. Rfh5
Kg8 21. g4 Nf8 22. Qc7 Rb8 23. e6 Nxe6 24. Qh2 Rc8 25. g5 cxd4 26. exd4 Qf8 27.
Rf1 Qe7 28. gxh6 Rxh6 29. Rxh6 gxh6 30. Qxh6 Nxd4 31. Kb1 Rc6 32. Qh5 Ne6 33.
Rh1 Ng5 34. Qh8+ Kf7 35. Rf1+ Rf6 36. Qh5+ Ke6 37. Qg4+ Kd6 38. Qg3+ Kc6 39.
Nf3 Qe4+ 40. Ka1 Nxf3 41. gxf3 Ba6 42. Rc1 Qxf3 43. Qb8 Qe3 44. Rb1 Rg6 45.
Qxa7 Bb7 46. Qa4+ b5 47. Qd1 Rg2 48. a4 Qe2 49. Qd4 bxa4 50. Qf6+ Kb5 51. Qd6
Qc4 52. Qe7 Ka6 53. Qd6+ Qc6 54. Qf4 Rg6 55. Qf5 Rd6 56. Qd3+ Qb5 57. Qg3 Rb6
58. Qf2 Qb3 59. Qe2+ Ka5 60. Qe7 a3 61. Qc5+ Ka6 62. Qxa3+ Qxa3+ 63. bxa3 Rxb1+
64. Kxb1 Ka5 65. Ka2 Ka4 66. Kb2 Ba6 67. Ka2 Bb5 68. Kb2 Bc4 69. Kc2 Kxa3 70.
Kc1 Kb3 71. Kd2 Kb2 0-1

[Event "Stuttgarter Stadtmeisterschaft A-Turnie"]
[Site "Ditzingen"]
[Date "2009.05.23"]
[Round "6.45"]
[White "Gheng, Simona"]
[Black "von Schwerin, Clemens"]
[Result "1-0"]
[WhiteElo "2035"]
[BlackElo "1886"]
[PlyCount "87"]
[EventDate "2009.??.??"]
[WhiteTeam "TSV Heumaden"]
[BlackTeam "SAbt SV Jedesheim 1921"]

1. e4 Nf6 2. e5 Nd5 3. d4 d6 4. exd6 exd6 5. Nf3 c6 6. c3 Bg4 7. Be2 Be7 8. O-O
O-O 9. Re1 Nd7 10. Nbd2 f5 11. Qb3 Qb6 12. Bc4 Qxb3 13. Bxb3 Rfe8 14. Bxd5+
cxd5 15. Nf1 Bxf3 16. gxf3 Bf8 17. Bf4 Nf6 18. Ne3 Nh5 19. Nxd5 Nxf4 20. Nxf4
Kf7 21. d5 Re5 22. c4 Rc8 23. b3 g5 24. Ne6 h6 25. f4 gxf4 26. Nxf4 Bg7 27. Ne6
Bf6 28. Rxe5 Bxe5 29. Re1 Rg8+ 30. Kh1 f4 31. f3 Kf6 32. Rg1 Re8 33. Rg4 Kf5
34. Kg2 h5 35. Rg5+ Kf6 36. h4 Rh8 37. Rg7 Rh6 38. Rxb7 Rg6+ 39. Ng5 Bd4 40.
Rf7+ Ke5 41. Rh7 Kf5 42. Rxh5 Bf6 43. Kf2 Bxg5 44. Rxg5+ 1-0

[Event "Stuttgarter Stadtmeisterschaft A-Turnie"]
[Site "Ditzingen"]
[Date "2009.05.23"]
[Round "6.46"]
[White "Leroy, Patrick"]
[Black "Siegle, Florian"]
[Result "0-1"]
[WhiteElo "1900"]
[BlackElo "2013"]
[PlyCount "48"]
[EventDate "2009.??.??"]
[BlackTeam "Stuttgarter SF 1879"]

1. e4 g6 2. d4 Bg7 3. Be3 c5 4. Nc3 Qa5 5. Qd2 cxd4 6. Bxd4 Bxd4 7. Qxd4 Nf6 8.
e5 Nc6 9. Qe3 Nd5 10. Qg3 Nxc3 11. bxc3 Qxe5+ 12. Qxe5 Nxe5 13. Be2 b6 14. f4
Nc6 15. Nf3 Bb7 16. O-O-O d6 17. Rhe1 O-O 18. g3 Rac8 19. h4 Na5 20. Kb2 e6 21.
Nd4 a6 22. Bg4 Bd5 23. Ne2 Nc4+ 24. Kc1 Ne3 0-1

[Event "Stuttgarter Stadtmeisterschaft A-Turnie"]
[Site "Ditzingen"]
[Date "2009.05.23"]
[Round "6.47"]
[White "Weißbeck, Simon"]
[Black "Schembera, Jörg"]
[Result "0-1"]
[WhiteElo "1959"]
[BlackElo "1828"]
[PlyCount "66"]
[EventDate "2009.??.??"]
[WhiteTeam "Heilbronner SV"]
[BlackTeam "SF Oeffingen e.V."]

1. e4 c5 2. c3 d6 3. Nf3 Nf6 4. Bc4 Nxe4 5. Qa4+ Qd7 6. Bb5 Nc6 7. Qxe4 a6 8.
Bxc6 bxc6 9. O-O f5 10. Qe2 e5 11. d4 cxd4 12. cxd4 e4 13. Re1 h6 14. Nc3 Be7
15. Nd2 d5 16. Qh5+ Kf8 17. Nb3 Qd6 18. g3 g6 19. Qe2 g5 20. Na4 Rb8 21. Nac5
h5 22. f3 h4 23. f4 hxg3 24. hxg3 Rh3 25. Kg2 Qh6 26. Rg1 Rh2+ 27. Kf1 Rxe2 28.
Kxe2 Qh5+ 29. Ke1 Bxc5 30. Nxc5 Qf3 31. fxg5 e3 32. Rf1 Qxg3+ 33. Ke2 f4 0-1

[Event "Stuttgarter Stadtmeisterschaft A-Turnie"]
[Site "Ditzingen"]
[Date "2009.05.23"]
[Round "6.48"]
[White "Zimmermann, Ulrich"]
[Black "Hirschfeld, Dennis"]
[Result "1-0"]
[WhiteElo "1891"]
[BlackElo "1984"]
[PlyCount "45"]
[EventDate "2009.??.??"]
[WhiteTeam "SK Bebenhausen 1992"]
[BlackTeam "SV Besigheim"]

1. e4 c6 2. d4 d5 3. f3 g6 4. Nc3 Bg7 5. Be3 dxe4 6. fxe4 e5 7. Nf3 Nd7 8. Bc4
Ngf6 9. dxe5 Ng4 10. Bxf7+ Kxf7 11. Ng5+ Kg8 12. Qxg4 Nxe5 13. Qf4 h6 14. Nf3
Nc4 15. Rd1 Qa5 16. O-O Nxb2 17. Bd4 Be6 18. Qd6 Re8 19. Bxg7 Kxg7 20. Nd4 Bf5
21. Nxf5+ gxf5 22. Qd7+ Kg6 23. Rd6+ 1-0

[Event "Stuttgarter Stadtmeisterschaft A-Turnie"]
[Site "Ditzingen"]
[Date "2009.05.23"]
[Round "6.49"]
[White "Töws, Manuel"]
[Black "Kaplunov, Vadym"]
[Result "1/2-1/2"]
[WhiteElo "1863"]
[BlackElo "1953"]
[PlyCount "39"]
[EventDate "2009.??.??"]
[WhiteTeam "SC Widdern"]
[BlackTeam "Stuttgarter SF 1879"]

1. d4 d5 2. c4 c6 3. Nc3 Nf6 4. Nf3 e6 5. e3 Nbd7 6. Bd3 dxc4 7. Bxc4 b5 8. Bd3
Bb7 9. O-O b4 10. Ne4 Nxe4 11. Bxe4 Bd6 12. Qc2 Rc8 13. b3 f5 14. Bd3 c5 15.
Qe2 O-O 16. Bb2 Bxf3 17. Qxf3 Kh8 18. Bc4 Qe7 19. Rad1 e5 20. dxe5 1/2-1/2

[Event "Stuttgarter Stadtmeisterschaft A-Turnie"]
[Site "Ditzingen"]
[Date "2009.05.23"]
[Round "6.50"]
[White "Jehle, Anja"]
[Black "Rempeli, Alex"]
[Result "1-0"]
[WhiteElo "1950"]
[BlackElo "1764"]
[PlyCount "81"]
[EventDate "2009.??.??"]
[WhiteTeam "SC Ingersheim e.V."]
[BlackTeam "SF Deizisau"]

1. d4 Nf6 2. c4 Nc6 3. Nc3 e5 4. d5 Ne7 5. e4 Ng6 6. a3 a5 7. Be3 d6 8. f3 Be7
9. Nge2 Nh5 10. Qd2 b6 11. O-O-O Ba6 12. Ng3 Nxg3 13. hxg3 Qd7 14. Kb1 h6 15.
Nb5 Bf6 16. Qf2 O-O-O 17. Na7+ Kb7 18. Nc6 Ra8 19. g4 Bg5 20. g3 Bxe3 21. Qxe3
Ne7 22. b4 axb4 23. axb4 Kc8 24. b5 Bb7 25. g5 f5 26. gxf6 gxf6 27. Rxh6 Rxh6
28. Qxh6 Bxc6 29. bxc6 Qe8 30. Qxf6 Nxc6 31. Qe6+ Qxe6 32. dxe6 Ra3 33. Bh3 Kd8
34. Bg4 Ke7 35. Rh1 Ra7 36. Rh7+ Kd8 37. Rd7+ Ke8 38. Bh5+ Kf8 39. f4 Ra8 40.
f5 Rb8 41. f6 1-0

[Event "Stuttgarter Stadtmeisterschaft A-Turnie"]
[Site "Ditzingen"]
[Date "2009.05.23"]
[Round "6.51"]
[White "Cummings, Nicolai"]
[Black "Frühsorger, Dieter"]
[Result "1-0"]
[WhiteElo "1819"]
[BlackElo "1968"]
[PlyCount "79"]
[EventDate "2009.??.??"]
[WhiteTeam "SC Ingersheim e.V."]
[BlackTeam "SK Sontheim/Brenz e.V."]

1. d4 Nf6 2. c4 g6 3. Nc3 d5 4. cxd5 Nxd5 5. e4 Nxc3 6. bxc3 Bg7 7. Bc4 c5 8.
Be3 Nc6 9. Ne2 Qa5 10. O-O O-O 11. Rb1 a6 12. a4 Rd8 13. Qb3 e6 14. Rfd1 Rb8
15. dxc5 Rxd1+ 16. Rxd1 Qc7 17. Qb6 Be5 18. f4 Qxb6 19. cxb6 Bg7 20. Bc5 Bf8
21. Bd6 Bxd6 22. Rxd6 Kf8 23. Bxa6 Ke7 24. e5 f6 25. Bb5 fxe5 26. fxe5 Nxe5 27.
Rd1 Bd7 28. Bxd7 Nxd7 29. a5 Ra8 30. Ra1 Ne5 31. Nd4 Nc4 32. Nb3 Kd6 33. Rd1+
Ke7 34. Rd4 Rc8 35. Rxc4 Rxc4 36. a6 Rc8 37. a7 Kd6 38. c4 Kc6 39. c5 e5 40.
Kf2 1-0

[Event "Stuttgarter Stadtmeisterschaft A-Turnie"]
[Site "Ditzingen"]
[Date "2009.05.23"]
[Round "6.52"]
[White "Höschele, Hans-Ulrich"]
[Black "Stitterich, Nadine"]
[Result "1/2-1/2"]
[WhiteElo "2174"]
[BlackElo "1918"]
[PlyCount "130"]
[EventDate "2009.??.??"]
[WhiteTeam "Stuttgarter SF 1879"]
[BlackTeam "SV Stuttgart-Wolfbusch 1956 e.V."]

1. e4 e5 2. Nf3 Nc6 3. Bb5 a6 4. Ba4 Nf6 5. d3 b5 6. Bb3 Be7 7. c3 d6 8. h3 O-O
9. Be3 Na5 10. Bc2 c5 11. Nbd2 Qc7 12. O-O Be6 13. Ng5 Bd7 14. f4 Rab8 15. Rc1
b4 16. cxb4 Rxb4 17. b3 Nc6 18. Nc4 h6 19. Nf3 Be6 20. Nfd2 d5 21. Nxe5 Nxe5
22. fxe5 Qxe5 23. Nf3 Qc7 24. Bd2 Rb7 25. e5 Nd7 26. Qe1 d4 27. Qg3 Kh8 28. Be1
Bd5 29. Bd1 Bxf3 30. Bxf3 Ra7 31. e6 fxe6 32. Qxc7 Rxc7 33. Bg3 e5 34. Bg4
Rxf1+ 35. Rxf1 Bf6 36. Re1 Nb6 37. Bxe5 Re7 38. Bg3 Rxe1+ 39. Bxe1 Nd5 40. Bc8
Nc3 41. Bxa6 Nxa2 42. Kf1 Nc3 43. Bg3 Be7 44. Be5 Kh7 45. Bc4 g5 46. Bf7 Nd1
47. Ke2 Ne3 48. Kf3 Nf5 49. Bc7 Nd6 50. Be6 Kg7 51. Bb6 Kf6 52. Bg4 Nb5 53. Bd7
Nc3 54. Bc7 Nd5 55. Ba5 Nc3 56. Bc7 Nd5 57. Bg3 Nc3 58. h4 Bf8 59. hxg5+ hxg5
60. Bc6 Be7 61. Be1 Bd6 62. Bd2 Nd1 63. Be4 Be7 64. Kg4 Nf2+ 65. Kf3 Nd1
1/2-1/2

[Event "Stuttgarter Stadtmeisterschaft A-Turnie"]
[Site "Ditzingen"]
[Date "2009.05.23"]
[Round "6.53"]
[White "Körber, Thomas"]
[Black "Reder, Erik"]
[Result "1/2-1/2"]
[WhiteElo "2070"]
[BlackElo "1901"]
[PlyCount "39"]
[EventDate "2009.??.??"]
[WhiteTeam "SF Fürth"]
[BlackTeam "SK e4 Gerlingen"]

1. d4 Nf6 2. Nf3 g6 3. e3 Bg7 4. c4 c5 5. Nc3 cxd4 6. exd4 O-O 7. Bg5 d6 8. Be2
Nbd7 9. O-O b6 10. Qd2 Re8 11. Rac1 Bb7 12. d5 Nc5 13. Bxf6 Bxf6 14. b4 Nd7 15.
Nd4 Rc8 16. Ne4 Bg7 17. Rfd1 Nf6 18. Nxf6+ Bxf6 19. Bf3 a6 20. Rc2 1/2-1/2

[Event "Stuttgarter Stadtmeisterschaft A-Turnie"]
[Site "Ditzingen"]
[Date "2009.05.23"]
[Round "6.54"]
[White "Bissbort, Julian"]
[Black "Boyens, Birger"]
[Result "1-0"]
[WhiteElo "2053"]
[BlackElo "1908"]
[PlyCount "79"]
[EventDate "2009.??.??"]
[WhiteTeam "Heilbronner SV"]
[BlackTeam "Stuttgarter SF 1879"]

1. e4 c5 2. c3 d5 3. exd5 Qxd5 4. d4 Nc6 5. Nf3 cxd4 6. cxd4 Bg4 7. Be2 e5 8.
Nc3 Bb4 9. O-O Bxc3 10. bxc3 e4 11. Nd2 Bf5 12. Rb1 Nge7 13. Rxb7 Qxa2 14. Bc4
Qa5 15. d5 Nd8 16. Rb5 Qc7 17. Ba3 Nb7 18. Ba2 Nd6 19. Rc5 Qb6 20. Qa4+ Bd7 21.
Qd4 Nb7 22. Nc4 Qf6 23. Qxf6 gxf6 24. Rc7 Nxd5 25. Rxb7 Nxc3 26. Nd6+ Kd8 27.
Nxf7+ Kc8 28. Nd6+ Kd8 29. Bc4 Rf8 30. Rb3 Na4 31. Nxe4 Nb6 32. Rxb6 axb6 33.
Bxf8 Bc6 34. Nxf6 b5 35. Rd1+ Kc7 36. Bd6+ Kb6 37. Bd5 Bxd5 38. Nxd5+ Kc6 39.
Nb4+ Kb6 40. h4 1-0

[Event "Stuttgarter Stadtmeisterschaft A-Turnie"]
[Site "Ditzingen"]
[Date "2009.05.23"]
[Round "6.55"]
[White "Schäfer, Michael"]
[Black "Junginger, Andreas"]
[Result "1/2-1/2"]
[WhiteElo "1920"]
[BlackElo "2044"]
[PlyCount "68"]
[EventDate "2009.??.??"]
[WhiteTeam "SC Tamm 74"]
[BlackTeam "SV Reutlingen"]

1. e4 Nf6 2. e5 Nd5 3. Bc4 e6 4. Nc3 Nxc3 5. bxc3 d6 6. Nf3 Nc6 7. Qe2 dxe5 8.
Nxe5 Nxe5 9. Qxe5 Qd6 10. Qe2 Be7 11. a4 Qd8 12. a5 O-O 13. h4 c5 14. h5 Bf6
15. Qe4 Qc7 16. Bd3 Qe5 17. O-O Qxh5 18. Re1 g6 19. Ba3 Bg7 20. Re3 f5 21. Qc4
b6 22. Rae1 Kh8 23. Be2 Qg5 24. Bf3 Rb8 25. d4 f4 26. Rd3 Bb7 27. Qxe6 Bxf3 28.
Rxf3 Rfc8 29. Bc1 Qf6 30. Qxf6 Bxf6 31. Bxf4 Rb7 32. axb6 axb6 33. Bh6 Bg7 34.
Bxg7+ Kxg7 1/2-1/2

[Event "Stuttgarter Stadtmeisterschaft A-Turnie"]
[Site "Ditzingen"]
[Date "2009.05.23"]
[Round "6.57"]
[White "Hoffmann, Ekkehard"]
[Black "Gogollok, Carsten"]
[Result "1/2-1/2"]
[WhiteElo "1947"]
[BlackElo "2043"]
[PlyCount "56"]
[EventDate "2009.??.??"]
[BlackTeam "BG Buchen"]

1. e4 c5 2. Nc3 d6 3. f4 Nc6 4. Nf3 g6 5. Bc4 Bg7 6. d3 e6 7. O-O Nge7 8. Qe1
O-O 9. f5 exf5 10. Qh4 h5 11. Bg5 Qc7 12. Nb5 Qd7 13. Bf4 Ne5 14. Nxe5 Bxe5 15.
Bxe5 dxe5 16. Qf6 Qd8 17. Nd6 Be6 18. Bxe6 fxe6 19. Qxe6+ Kh7 20. exf5 gxf5 21.
Nxf5 Ng6 22. Ng3 h4 23. Rf7+ Rxf7 24. Qxf7+ Kh6 25. Nf5+ Kg5 26. Rf1 Qf8 27.
Qxb7 Rb8 28. Qe4 Rb4 1/2-1/2

[Event "Stuttgarter Stadtmeisterschaft A-Turnie"]
[Site "Ditzingen"]
[Date "2009.05.23"]
[Round "6.58"]
[White "Schmitz, Stefan"]
[Black "Stein, Carsten"]
[Result "0-1"]
[WhiteElo "1891"]
[BlackElo "1972"]
[PlyCount "118"]
[EventDate "2009.??.??"]
[WhiteTeam "SC Rastatt"]
[BlackTeam "SK Wernau"]

1. e4 d5 2. exd5 Qxd5 3. Nc3 Qd6 4. d4 Nf6 5. Nf3 Bg4 6. Be2 Nc6 7. Be3 e6 8.
Qd2 h6 9. a3 a6 10. O-O Be7 11. Rad1 Nd5 12. Ne4 Qd8 13. c4 Nxe3 14. Qxe3 O-O
15. d5 exd5 16. Rxd5 Qe8 17. h3 Be6 18. Rd2 Rd8 19. Rfd1 Rxd2 20. Rxd2 Qc8 21.
Nd4 Nxd4 22. Qxd4 Rd8 23. Qe3 Rxd2 24. Qxd2 Qd7 25. Qe3 Qc6 26. Nd2 Bg5 27. f4
Bf6 28. b4 Qd6 29. Kf1 g5 30. Ne4 Qe7 31. fxg5 hxg5 32. c5 Bd5 33. Nxf6+ Qxf6+
34. Bf3 Bxf3 35. Qxf3 Qxf3+ 36. gxf3 Kg7 37. Kg2 Kf6 38. Kg3 Kf5 39. h4 gxh4+
40. Kxh4 Kf4 41. Kh5 Kxf3 42. Kg5 Ke4 43. Kf6 Kd5 44. Kxf7 b6 45. cxb6 cxb6 46.
Ke7 Kc4 47. Kd6 b5 48. Ke5 Kb3 49. Kd4 Kxa3 50. Kc3 Ka4 51. Kc2 Kxb4 52. Kb2 a5
53. Ka2 Kc3 54. Kb1 b4 55. Ka2 b3+ 56. Ka1 b2+ 57. Kb1 a4 58. Ka2 Kc2 59. Ka3
b1=Q 0-1

[Event "Stuttgarter Stadtmeisterschaft A-Turnie"]
[Site "Ditzingen"]
[Date "2009.05.23"]
[Round "6.59"]
[White "Stegmaier, Michael"]
[Black "Paschmann, Stefan"]
[Result "1/2-1/2"]
[WhiteElo "1802"]
[BlackElo "1961"]
[PlyCount "31"]
[EventDate "2009.??.??"]
[WhiteTeam "SC Tamm 74"]
[BlackTeam "Krefelder Schachklub Turm 1851 e"]

1. d4 d5 2. Nf3 c6 3. e3 Bg4 4. c4 e6 5. Qb3 Qb6 6. Nc3 Nd7 7. c5 Qc7 8. h3 Bh5
9. Be2 Ngf6 10. O-O Be7 11. Qd1 O-O 12. b4 b5 13. a4 a6 14. axb5 axb5 15. Bb2
Rxa1 16. Qxa1 1/2-1/2

[Event "Stuttgarter Stadtmeisterschaft A-Turnie"]
[Site "Ditzingen"]
[Date "2009.05.23"]
[Round "6.60"]
[White "Tiemann, Tobias"]
[Black "Meinecke, Klaus-Hinrich"]
[Result "1-0"]
[WhiteElo "1960"]
[BlackElo "1853"]
[PlyCount "83"]
[EventDate "2009.??.??"]
[WhiteTeam "SABT TV Neuenbürg 1859"]
[BlackTeam "SAbt TSV Münchingen"]

1. d4 Nf6 2. Nf3 b6 3. g3 Bb7 4. Bg2 e6 5. c4 Bb4+ 6. Bd2 Qe7 7. O-O Bxd2 8.
Nbxd2 O-O 9. Qc2 c5 10. e4 d6 11. e5 dxe5 12. dxe5 Nh5 13. Ng5 g6 14. Nge4 Bc6
15. Rad1 f5 16. exf6 Nxf6 17. Nxf6+ Qxf6 18. Ne4 Qf5 19. Qe2 a6 20. Rfe1 Qe5
21. f4 Qc7 22. Nd6 Rf6 23. Ne8 Bxe8 24. Bxa8 Bc6 25. Bxc6 Nxc6 26. Qe4 Kf7 27.
b3 a5 28. Rd2 Nd4 29. Red1 Kg7 30. Rxd4 cxd4 31. Qxd4 Qc5 32. Qxc5 bxc5 33.
Rd7+ Rf7 34. Rxf7+ Kxf7 35. Kf2 e5 36. Ke3 Ke6 37. Ke4 exf4 38. Kxf4 Kf6 39. g4
g5+ 40. Ke4 Ke6 41. h3 h6 42. a3 1-0

[Event "Stuttgarter Stadtmeisterschaft A-Turnie"]
[Site "Ditzingen"]
[Date "2009.05.23"]
[Round "6.61"]
[White "Grünert, Thomas"]
[Black "Viehoff, Jürgen"]
[Result "1-0"]
[WhiteElo "1970"]
[BlackElo "1835"]
[PlyCount "47"]
[EventDate "2009.??.??"]
[WhiteTeam "SF Illingen"]
[BlackTeam "SC Stetten a.d.F."]

1. d4 Nf6 2. Nf3 e6 3. e3 c5 4. Bd3 d5 5. c3 Nbd7 6. Nbd2 Bd6 7. O-O O-O 8. e4
cxd4 9. cxd4 dxe4 10. Nxe4 Nxe4 11. Bxe4 Nf6 12. Bc2 b6 13. Bg5 Bb7 14. Re1 h6
15. Bh4 Be7 16. Qd3 g6 17. Rxe6 Bxf3 18. gxf3 Kg7 19. Rae1 Re8 20. Bxf6+ Kf8
21. Bxe7+ Rxe7 22. Rxe7 Qd5 23. Bb3 Qg5+ 24. Kh1 1-0

[Event "Stuttgarter Stadtmeisterschaft A-Turnie"]
[Site "Ditzingen"]
[Date "2009.05.23"]
[Round "6.62"]
[White "Osswald, Michael"]
[Black "Podbicanin, Abaz"]
[Result "1-0"]
[WhiteElo "1972"]
[BlackElo "1941"]
[PlyCount "110"]
[EventDate "2009.??.??"]
[WhiteTeam "SC Mühlacker 1923 e.V."]

1. e4 e5 2. Nf3 Nc6 3. d4 exd4 4. Nxd4 Qf6 5. Nxc6 Qxc6 6. Bd3 Nf6 7. O-O d6 8.
Nc3 a6 9. a4 b6 10. Bg5 Bb7 11. Nd5 O-O-O 12. Nxf6 Be7 13. Qg4+ Kb8 14. Nd5
Bxg5 15. Qxg5 g6 16. Nb4 Qd7 17. Nxa6+ Ka7 18. Nb4 h6 19. Qe3 f5 20. a5 Kb8 21.
axb6 c5 22. Na6+ Kc8 23. Nc7 Qc6 24. Nd5 Rde8 25. f3 c4 26. Qd4 cxd3 27. Ne7+
Rxe7 28. Qxh8+ Re8 29. Qc3 Qxc3 30. bxc3 dxc2 31. exf5 gxf5 32. Rf2 Re5 33. c4
Rc5 34. Rxc2 Kd7 35. Kf2 Kc6 36. Rb1 Kd7 37. Kg3 Ke7 38. Kh4 d5 39. Re2+ Kf6
40. cxd5 Rxd5 41. Rc2 Rd4+ 42. Kg3 Kg5 43. Rc7 Bd5 44. Rb2 f4+ 45. Kf2 Kh4 46.
b7 Bxb7 47. Rcxb7 h5 48. g3+ Kh3 49. gxf4 Rd1 50. f5 h4 51. Ke2 Re1+ 52. Kd3
Re3+ 53. Kc4 Rc3+ 54. Kb5 Rc5+ 55. Kb6 Rc6+ 1-0

[Event "Stuttgarter Stadtmeisterschaft A-Turnie"]
[Site "Ditzingen"]
[Date "2009.05.24"]
[Round "7.1"]
[White "Chetverik, Maxim"]
[Black "Ovsejevitsch, Sergei"]
[Result "1/2-1/2"]
[WhiteElo "2323"]
[BlackElo "2580"]
[PlyCount "20"]
[EventDate "2009.??.??"]

1. d4 d5 2. c4 e6 3. Nf3 Nf6 4. g3 Bb4+ 5. Bd2 Bd6 6. Bg2 O-O 7. O-O c6 8. Qb3
Nbd7 9. Nc3 b6 10. cxd5 cxd5 1/2-1/2

[Event "Stuttgarter Stadtmeisterschaft A-Turnie"]
[Site "Ditzingen"]
[Date "2009.05.24"]
[Round "7.2"]
[White "Svetushkin, Dmitry"]
[Black "Gutman, Lev"]
[Result "1-0"]
[WhiteElo "2615"]
[BlackElo "2494"]
[PlyCount "81"]
[EventDate "2009.??.??"]

1. d4 Nf6 2. c4 g6 3. Nc3 Bg7 4. e4 O-O 5. Be3 c6 6. e5 Ne8 7. f4 d6 8. Nf3 Bg4
9. Be2 Bxf3 10. Bxf3 Nd7 11. Qe2 Nc7 12. O-O f6 13. exd6 exd6 14. d5 c5 15. f5
Ne5 16. Be4 Qd7 17. Rae1 Rae8 18. Bc2 Re7 19. Ba4 Qd8 20. a3 a5 21. b3 Na8 22.
Qc2 Nb6 23. Bb5 Nbd7 24. Bf4 Rfe8 25. Re2 g5 26. Bg3 h5 27. Rfe1 Rf8 28. h4 Bh6
29. Ne4 Rg7 30. Bxd7 Qxd7 31. Bxe5 fxe5 32. f6 Rg6 33. Nxd6 Rgxf6 34. Ne4 Rf4
35. hxg5 Bg7 36. Nxc5 Qg4 37. Ne6 a4 38. bxa4 R8f7 39. Nxf4 exf4 40. Re8+ Bf8
41. R1e5 1-0

[Event "Stuttgarter Stadtmeisterschaft A-Turnie"]
[Site "Ditzingen"]
[Date "2009.05.24"]
[Round "7.3"]
[White "Luther, Thomas"]
[Black "Gschnitzer, Oswald"]
[Result "1-0"]
[WhiteElo "2537"]
[BlackElo "2429"]
[PlyCount "53"]
[EventDate "2009.??.??"]

1. e4 c5 2. Nf3 d6 3. d4 cxd4 4. Nxd4 Nf6 5. Nc3 Nc6 6. Bg5 Bd7 7. Be2 Qa5 8.
Bxf6 gxf6 9. O-O Nxd4 10. Qxd4 Rc8 11. a4 a6 12. Ra3 Qc5 13. Qd1 e6 14. Kh1 Be7
15. Rb3 Bc6 16. f4 Rg8 17. Bf3 Kf8 18. Ne2 Rc7 19. Rc3 Qa5 20. b3 Rd7 21. Rd3
f5 22. exf5 Bxf3 23. Rdxf3 Qxf5 24. Ng3 Qg4 25. f5 exf5 26. Qd5 Rg5 27. Rf4 1-0

[Event "Stuttgarter Stadtmeisterschaft A-Turnie"]
[Site "Ditzingen"]
[Date "2009.05.24"]
[Round "7.4"]
[White "Eisenbeiser, Amadeus"]
[Black "Braun, Peter"]
[Result "1-0"]
[WhiteElo "2406"]
[BlackElo "2254"]
[PlyCount "85"]
[EventDate "2009.??.??"]

1. e4 c5 2. Nf3 e6 3. d4 cxd4 4. Nxd4 g6 5. Bd3 Nf6 6. Qe2 d6 7. O-O Qc7 8. c4
a6 9. Nc3 Bg7 10. Be3 O-O 11. Rac1 b6 12. Bb1 Bb7 13. f3 Nc6 14. Rfd1 Rfd8 15.
Qf2 Nd7 16. Nd5 exd5 17. cxd5 Bxd4 18. Bxd4 Rdc8 19. dxc6 Bxc6 20. Qd2 Qd8 21.
Bc3 Qe7 22. Qxd6 Qxd6 23. Rxd6 Nf8 24. Bd3 b5 25. Bf1 Bd7 26. Bd2 Rxc1 27. Bxc1
a5 28. Bh6 Be6 29. Bxb5 Bxa2 30. Ra6 Rxa6 31. Bxa6 Bb3 32. Kf2 Nd7 33. Ke2 f6
34. Be3 Kf7 35. Kd3 Ne5+ 36. Kc3 Be6 37. b3 Ke7 38. Bb6 Nc6 39. Bc4 Bd7 40.
Bc5+ Kd8 41. f4 Kc7 42. Bg8 h6 43. Bf8 1-0

[Event "Stuttgarter Stadtmeisterschaft A-Turnie"]
[Site "Ditzingen"]
[Date "2009.05.24"]
[Round "7.5"]
[White "Strunski, Andreas"]
[Black "Wiley, Tom E"]
[Result "1-0"]
[WhiteElo "2329"]
[BlackElo "2303"]
[PlyCount "85"]
[EventDate "2009.??.??"]

1. d4 Nf6 2. c4 e6 3. Nc3 Bb4 4. Qc2 O-O 5. a3 Bxc3+ 6. Qxc3 b6 7. Bg5 Bb7 8.
e3 d6 9. Ne2 Nbd7 10. Qd3 Ba6 11. b4 c5 12. b5 Bb7 13. Nc3 Qc7 14. d5 e5 15.
Qc2 Rae8 16. Bd3 Bc8 17. Bh4 Kh8 18. h3 g6 19. g4 Ng8 20. O-O-O f6 21. f4 Rf7
22. Bg3 Nf8 23. Rdf1 Kg7 24. Qb2 exf4 25. exf4 Re3 26. Qd2 Rxg3 27. Ne4 Rxd3
28. Qxd3 a6 29. a4 axb5 30. axb5 Nd7 31. Qc3 Kf8 32. Re1 g5 33. fxg5 f5 34.
gxf5 Rxf5 35. Rhf1 Ne5 36. Rxf5+ Bxf5 37. Rf1 Ne7 38. Ng3 Qd7 39. Nxf5 Nxf5 40.
Qc2 Kg7 41. Qxf5 Qxf5 42. Rxf5 Nxc4 43. Rf6 1-0

[Event "Stuttgarter Stadtmeisterschaft A-Turnie"]
[Site "Ditzingen"]
[Date "2009.05.24"]
[Round "7.6"]
[White "Vuckovic, Aleksandar"]
[Black "Heinl, Thomas"]
[Result "1-0"]
[WhiteElo "2326"]
[BlackElo "2204"]
[PlyCount "68"]
[EventDate "2009.??.??"]

1. e4 d6 2. d4 Nf6 3. Nc3 g6 4. f4 Bg7 5. Nf3 O-O 6. Bd3 Nc6 7. O-O e5 8. fxe5
dxe5 9. d5 Nd4 10. Bg5 Bg4 11. Qd2 Nxf3+ 12. gxf3 Bh3 13. Rf2 Qd6 14. Nb5 Qd7
15. c4 Nh5 16. Kh1 f6 17. Be3 b6 18. c5 Kh8 19. c6 Qe7 20. Rc1 Rfd8 21. a3 g5
22. Qb4 Qf7 23. Bc4 a5 24. d6 Qg6 25. Qb3 cxd6 26. Bf7 Qh6 27. c7 Rf8 28. Nxd6
Nf4 29. Bxf4 exf4 30. Be6 a4 31. Qd5 Qh4 32. Nf7+ Rxf7 33. Qxa8+ Rf8 34. c8=Q
Bxe6 1-0